| 000 | nam a22 a 4500 | ||
|---|---|---|---|
| 999 |
_c31 _d31 |
||
| 003 | AKMAL | ||
| 005 | 20170413120848.0 | ||
| 008 | 170413s2003 my e i 001 0 may d | ||
| 020 |
_a9676113727 (kkt.) : _cRM26.10 |
||
| 040 | _aAKMAL | ||
| 082 | 0 | 4 |
_a658.4209595 _221 |
| 100 | 1 |
_aHng, Hung Yong _9108 |
|
| 245 | 1 | 0 |
_aKetua pegawai eksekutif Malaysia : _bstrategi dalam pembangunan negara / _cHng Hung Yong ; penterjemah Mokhtar Ahmad |
| 260 | 0 | 0 |
_aKuala Lumpur : _bUtusan Publications & Distributors , _c2003 |
| 300 |
_axvi, 182ms. : _bil. ; _c25cm. |
||
| 500 | _aMangandungi indeks | ||
| 650 | 1 | 0 |
_aChief executive officers _zMalaysia _9109 |
| 651 | 0 |
_aMalaysia _xEconomic conditions _963 |
|
| 651 | 0 |
_aMalaysia _xPolitics and government _944 |
|
| 651 | 0 |
_aMalaysia _xSocial conditions _945 |
|
| 700 | 0 |
_aMokhtar Ahmad _981 |
|
| 942 |
_2ddc _cBOOK |
||